000 00488nam a22002177a 4500
003 UA-OsUOA
001 86919
007 ta
008 20120912b un ||||| |||| 00| 0 ukr d
090 _a94(4)
_bШ 15
942 _cBK
040 _aUA-OsUOA
_brus
_cUA-OsUOA
_dUA-OsUOA
245 _aШаги Великой Победы
300 _a469 с.
955 _a4
041 _arus
080 _a94(4)
260 _aМ.
_bВоениздат
_c1978
650 7 _2UDC
999 _c373110
_d373110